000 01406nam a2200337 i 4500
001 6210
003 ES-MaACL
005 20250801063008.0
007 t|
008 890828s1989 sp ||||0| spa d
017 _aM 10841-1989
_bOficina Depósito Legal Madrid
024 7 _aNIPO 301-89-002-7
_2nipo
080 _a091 Códice Osuna
080 _a091 Pedro de Gante
080 _a091 Durán, Diego
100 1 _965954
_aJalón Gutiérrez, María Mercedes
_eaut
245 1 0 _aTres códices mejicanos del siglo XVI en la Biblioteca Nacional /
_c[selección y estudio, M.ª Mercedes Jalón Gutiérrez]
246 1 _aTres códices mexicanos del siglo XVI en la Biblioteca Nacional
260 _aMadrid :
_bDireccion General del Libro y Bibliotecas,
_c[1989]
300 _a32 páginas :
_bilustraciones (color) ;
_c22 cm
594 _aPrecede al tít.: Biblioteca Nacional
600 0 4 _aPedro de Gante,
_dm. 1572.
_tCatecismo
_989920
600 1 4 _aDurán, Diego,
_dca. 1537-ca. 1588.
_tHistoria de las Indias de Nueva España e islas de la tierra firme
_946176
630 0 4 _aCódice Osuna
_9120013
710 1 _aEspaña.
_bDirección General del Libro y Bibliotecas.
_eedt
_93788
710 2 _aBiblioteca Nacional (España)
_eisb
_92188
852 _aES-MaACL
_bR.116735
_cDEPOF
_j2143-F-14
942 _2udc
_cFOLLETOS
_n0
999 _c6210
_d6210